000 01472nam a2200217Ia 4500
003 Ost
005 20260416102401.0
008 260416s9999||||xx |||||||||||||| ||und||
040 _cfsecg
041 _aara
082 _a338.5
100 _aيعقوبن،صليحة
_eمؤلف
245 0 _aمحاضرات في الاقتصاد الجزئي 2 :
_bمدعمة بتمارين تطبيقية:مطبوعة موجهة لطلبة سنة اولى جذع مشترك /
_cصليحة يعقوبن
260 _aالجزائر
_bجامعة الجزائر3: كلية العلوم الإقتصادية، العلوم التجارية وعلوم التسيير
_c2024
300 _a145 ورقة
_bايضاحات
_c12 سم
504 _aمراجع ص.144
520 _aتعريف الانتاج، تحليل سلوك المنتج في الفترة القصيرة و في الفترة الطويلة ، توازن المنتج،مسار التوسع،قانون غلة الحجم،تكاليف الانتاج في الفترة القصيرة، العلاقة بين التكلفة المتوسطة و التكلفة الحدية و قوانين الغلة، الايرادات و الارباح، هيكل السوق و أخيرا تمارين محلولة.
653 _aالاقتصاد الجزئي
710 _aجامعة الجزائر3: كلية العلوم الإقتصادية، العلوم التجارية وعلوم التسيير
_eناشر علمي
942 _cHANDOUT
999 _c41430
_d41430